098_ Personnalités nées un 8 avril par images - Statistiques

Statistiques générales
  • Ce quiz a été pris 34 fois
  • Le résultat moyen est 3 sur 9
Statistiques - réponses
Par images Hint Réponse % Correct
Chanteur Jacques Brel
94%
Journaliste Jean-Pierre Pernaut
88%
Acteur Jean Benguigui
61%
Nageur Frédérick Bousquet
36%
Dirigeant Politique Kofi Annan
33%
Actrice Robin Wright
12%
Acteur John Schneider
6%
Actrice Élise Guilbault
0%
Actrice Maria Felix
0%
Aucun quiz correspondant
Distribution des résultats
% des personnes avec chaque résultat
Percentile par nombre de réponses
Votre historique - résultats
Vous n’avez pas pris ce quiz